| 000 | 01299nam a2200265 a 4500 | ||
|---|---|---|---|
| 001 | BRCA_8580 | ||
| 005 | 20190320210334.0 | ||
| 008 | 190816s1716----be-a######---#000-0#spa-# | ||
| 050 | 4 |
_aKW3194 _b.A36 _c1716 |
|
| 245 | 1 | 0 | _aAdmirables efectos de la providencia sucedidos en la vida e imperio de Leopoldo primero, invictissimo emperador de romanos, reduzelos a anales historicos la verdad. |
| 260 |
_aAmberes _bHenrico y Cornelio Verdussen _c1716 |
||
| 300 |
_aT.III, 304 p. _bil. _c32 cm |
||
| 500 | _aFondo antiguo | ||
| 500 | _aSe encuentra en Caja Fuerte | ||
| 500 | _a13-57 | ||
| 500 | _aEn portada: tomo tercero, en que se trata de los sucesos del año 1682, hasta el de 1687. Nueva impression corregida de muchas erratas y enriquezida con lindissimas estampas y retratos de los heroes y varones ilustres | ||
| 500 | _aUso de letras capitulares | ||
| 500 | _aTexto a dos columnas | ||
| 500 | _aEstado físico: roturas en diversas páginas, se observan manchas de humedad y daño por polilla | ||
| 500 | _aNota de encuadernación: en piel con cartón deteriorada, tapas desgastadas | ||
| 506 | 0 | _aFondo reservado: para su consulta es necesario credencial de usuario y carta de motivos | |
| 650 | 1 | 4 |
_aLeopoldo I _eEmperador Romano _y1640-1705 _921483 |
| 902 | _aLAR | ||
| 942 |
_2lcc _cB |
||
| 999 |
_c8243 _d8243 |
||